Vliv korupčního prostředí na efektivitu firem v nových zemích Evropské unie

Charakteristiky korupčného prostredia a ich vplyv na efektivitu firiem v nových krajinách Európkej únie. Analýza stochasickej hranice efektivity firiem. Determinanty firemnej efektivity.

Guardado en:
Detalles Bibliográficos
Autor principal: Hanousek, Jan
Otros Autores: Shamshur, Anastasiya, Trešl, Jiří
Formato: Capítulo de libro
Lenguaje:checo
Materias:
Etiquetas: Agregar Etiqueta
Sin Etiquetas, Sea el primero en etiquetar este registro!

MARC

LEADER 00000naa a2200000 4500
001 0226325
005 20220411085555.1
041 0 |a cze 
044 |a CZ 
245 1 0 |a Vliv korupčního prostředí na efektivitu firem v nových zemích Evropské unie  |c Jan Hanousek, Anastasiya Shamshur, Jiří Trešl 
520 |a Charakteristiky korupčného prostredia a ich vplyv na efektivitu firiem v nových krajinách Európkej únie. Analýza stochasickej hranice efektivity firiem. Determinanty firemnej efektivity. 
610 2 0 |a korupcia 
610 2 0 |a Európska únia 
610 2 0 |a modely stochastické 
610 2 0 |a prostredie ekonomické 
610 2 0 |a efektívnosť ekonomická 
610 2 0 |a efektívnosť podnikania 
610 2 0 |a prostredie podnikateľské 
100 1 |a Hanousek, Jan 
700 1 |a Shamshur, Anastasiya 
700 1 |a Trešl, Jiří